[Event "Avoine op 25th"]
[Site "Avoine"]
[Date "2010.07.17"]
[Round "1"]
[White "Hori, Shinya"]
[Black "Oei, Hway Ik"]
[Result "1-0"]
[WhiteElo "1957"]
[BlackElo "2148"]
[PlyCount "117"]
[EventDate "2010.07.17"]
[EventType "swiss"]
[EventRounds "9"]
[EventCountry "FRA"]
[SourceTitle "EXT 2011"]
[Source "ChessBase"]
[SourceDate "2010.11.26"]
[SourceVersion "1"]
[SourceVersionDate "2010.11.26"]
[SourceQuality "1"]

1. d4 Nf6 2. Nf3 e6 3. e3 c5 4. Bd3 cxd4 5. exd4 b6 6. Qe2 Bb7 7. 0-0 Be7 8. c3 0-0 9. Nbd2 d6 10. Re1 Nbd7 11. Nf1 Re8 12. Ng3 a6 13. Bc2 b5 14. Qd3 Qc7 15. Ng5 g6 16. h4 Qc4 17. Qd2 Bf8 18. h5 Bg7 19. hxg6 hxg6 20. f3 Bd5 21. N3e4 Qc7 22. Qf4 e5 23. dxe5 dxe5 24. Qh4 Nh5 25. g4 Nhf6 26. Be3 Nf8 27. Kg2 Nxe4 28. Bxe4 Bxe4 29. Nxe4 Qc6 30. Rad1 Re6 31. Rh1 f5 32. Ng5 Rd6 33. Rxd6 Qxd6 34. Nh7 fxg4 35. fxg4 Qd5+ 36. Kf2 Nd7 37. Ng5 Rf8+ 38. Ke2 Qg2+ 39. Ke1 Nf6 40. Ne6 Qe4 41. Qh3 Re8 42. Nxg7 Kxg7 43. g5 Nh5 44. Qd7+ Kf8 45. Kf2 Re7 46. Bc5 Qf4+ 47. Ke1 Qe3+ 48. Bxe3 Rxd7 49. Kf2 Kf7 50. Kf3 Ke6 51. Rh2 Kf5 52. Rh4 Rd3 53. Rb4 Nf4 54. c4 e4+ 55. Kf2 Nh3+ 56. Ke2 bxc4 57. Rxc4 Rd6 58. Rc5+ Kg4 59. b4 1-0

[Event "Angers op 5th"]
[Site "Angers"]
[Date "2010.04.25"]
[Round "5"]
[White "Hori, Shinya"]
[Black "Mahe, Romain"]
[Result "0-1"]
[WhiteElo "1870"]
[BlackElo "1979"]
[PlyCount "106"]
[EventDate "2010.04.23"]
[EventType "swiss"]
[EventRounds "6"]
[EventCountry "FRA"]
[SourceTitle "EXT 2011"]
[Source "ChessBase"]
[SourceDate "2010.11.26"]
[SourceVersion "1"]
[SourceVersionDate "2010.11.26"]
[SourceQuality "1"]

1. d4 d5 2. c4 Bf5 3. Nc3 e6 4. Qb3 Nc6 5. e3 Nb4 6. e4 dxe4 7. a3 Nc6 8. Be3 Nxd4 9. Bxd4 Qxd4 10. Qb5+ Qd7 11. Qxb7 Rd8 12. Rd1 Qc8 13. Qc6+ Rd7 14. Nb5 Ne7 15. Qxd7+ Qxd7 16. Rxd7 Kxd7 17. Nxa7 c6 18. g4 Bxg4 19. Bg2 Kc7 20. Bxe4 Kb6 21. Nxc6 Nxc6 22. b4 Bf5 23. c5+ Kc7 24. Bg2 Nd4 25. Kd2 Be7 26. Ne2 Nxe2 27. Kxe2 Rd8 28. a4 Rd4 29. b5 Bxc5 30. Rc1 Bd3+ 31. Ke3 Rc4+ 32. Kd2 Rxc1 33. Kxc1 Bxf2 34. Kd2 Bc4 35. Kc3 Bd5 36. Bf1 Kb6 37. Bd3 Ka5 38. Bxh7 g6 39. Bg8 e5 40. Kd2 Kxa4 41. Ke2 Bh4 42. b6 Bd8 43. b7 Bc7 44. h4 Kb5 45. h5 gxh5 46. Bh7 Bxb7 47. Kf2 h4 48. Bf5 Bb6+ 49. Kf1 Kc4 50. Bg4 Kd3 51. Be2+ Ke3 52. Bg4 Kf4 53. Bh3 f5 0-1

[Event "Angers op 5th"]
[Site "Angers"]
[Date "2010.04.23"]
[Round "2"]
[White "Denous, Cyprien"]
[Black "Hori, Shinya"]
[Result "1-0"]
[WhiteElo "2014"]
[BlackElo "1870"]
[PlyCount "113"]
[EventDate "2010.04.23"]
[EventType "swiss"]
[EventRounds "6"]
[EventCountry "FRA"]
[SourceTitle "EXT 2011"]
[Source "ChessBase"]
[SourceDate "2010.11.26"]
[SourceVersion "1"]
[SourceVersionDate "2010.11.26"]
[SourceQuality "1"]

1. e4 e5 2. Nf3 Nc6 3. d4 exd4 4. Nxd4 Nf6 5. Nxc6 bxc6 6. e5 Qe7 7. Qe2 Nd5 8. c4 Ba6 9. b3 g5 10. g3 Bg7 11. Bb2 0-0 12. Bg2 Rfe8 13. 0-0 Bxe5 14. Bxe5 Qxe5 15. Qxe5 Rxe5 16. cxd5 Bxf1 17. Kxf1 cxd5 18. Nc3 c6 19. Bf3 Rae8 20. Rd1 f5 21. g4 h5 22. h3 fxg4 23. hxg4 h4 24. Ne2 h3 25. Ng3 d4 26. Nf5 c5 27. Nd6 R8e6 28. Nc4 Re4 29. Bxe4 Rxe4 30. f3 Re6 31. Kf2 d5 32. Nb2 Ra6 33. Na4 Rc6 34. Kg3 c4 35. Rxd4 c3 36. Nxc3 Rxc3 37. Rxd5 Rc2 38. Kxh3 Rxa2 39. Rxg5+ Kf7 40. Rb5 Kg6 41. Kg3 Ra6 42. Kf4 Rf6+ 43. Kg3 Ra6 44. f4 Rc6 45. Kh4 a6 46. f5+ Kg7 47. Rb7+ Kf6 48. Rh7 Ke5 49. Kg5 Rb6 50. Rh6 Rxb3 51. Rxa6 Rf3 52. Re6+ Kd5 53. Re1 Kd6 54. Kf6 Rh3 55. g5 Rh8 56. g6 Rf8+ 57. Kg5 1-0